Catálogo público

Desahuatado Precosecha de tuna (Opuntia spp.) Cv roja San Martín con bajas concentraciones de aci (Record no. 89938)

MARC details
000 -CABECERA
campo de control de longitud fija 00586cam a22001937a 4500
005 - FECHA Y HORA DE LA ÚLTIMA TRANSACCIÓN
campo de control 20220127140551.0
008 - DATOS DE LONGITUD FIJA--INFORMACIÓN GENERAL
campo de control de longitud fija 050331d2005 mx d r 00110 spa d
010 ## - NÚMERO DE CONTROL DE LA BIBLIOTECA DEL CONGRESO
Número de control de LC 89938
011 ## - ENLACE DEL NUMERO DE CONTROL DE LA BIBLIOTECA DEL CONGRESO [OBSOLETO]
Número de control de LC 90910
035 ## - NÚMERO DE CONTROL DEL SISTEMA
Número de control de sistema 101467
090 ## - LOCALMENTE ASIGNADO TIPO-LC NÚMERO DE CLASIFICACIÓN (OCLC); NÚMERO DE CLASIFICACIÓN LOCAL (RLIN)
Número de clasificación (OCLC) (R) ; Numero de clasificación, CALL (RLIN) (NR) Tesis
245 00 - MENCIÓN DE TÍTULO
Título Desahuatado Precosecha de tuna (Opuntia spp.) Cv roja San Martín con bajas concentraciones de aci
Mención de responsabilidad, etc. /por
260 ## - PUBLICACIÓN, DISTRIBUCIÓN, ETC.
Lugar de publicación, distribución, etc. Chapingo, Méx. :
Nombre del editor, distribuidor, etc. El autor,
Fecha de publicación, distribución, etc. 2001.
300 ## - DESCRIPCIÓN FÍSICA
Extensión 88 h. :
Otras características físicas gráfs. ; cuadros
502 ## - NOTA DE TESIS
Nota de tesis Tesis
590 ## - NOTA LOCAL (RLIN)
Nota local ALEPH
Procedencia (VM) [OBSOLETO] 10
Condición del los carretes individuales (VM) [OBSOLETO] 20130110
-- UCH01
-- 1505
590 ## - NOTA LOCAL (RLIN)
Nota local CONVERSION
Procedencia (VM) [OBSOLETO] 10
Condición del los carretes individuales (VM) [OBSOLETO] 20130109
-- UCH01
-- 1350
901 ## - ELEMENTOS DE DATOS A LOCAL LDA (RLIN)
a BK

No items available.